000 00572nam a2200181 4500
001 144218
003 ES-MaACL
005 20230906200952.0
007 t|
008 070214s1966 sp r ||||1| spa d
110 2 _aGrupos Obreros de Estudios Sociales (Madrid)
_94547
245 1 3 _aEl sindicato, instrumento de conquista /
_cautor... Grupos Obreros de Estudios Sociales.
260 _aMadrid :
_bHOAC,
_c1966 (
_fAcati)
300 _a93 p. ;
_c11 cm.
500 _aVolumen apaisado.
500 _aSuplemento del Boletin HOAC.
852 _aES-MaACL
_jC-31434
_bR.61330
999 _c144218
_d144218